Jaroslav Smolka Česká hudba nášho storočia

Bibliographic Details
Main Author: Hořejš, Antonín (Author)
Format: Article
Language:Slovak

MARC

LEADER 00000nab a2200000uu 4500
001 vtls010886039
003 SK-MaSNL
005 20260303144737.0
008 230222|1962 xo |||||||||||||||||slo|
015 |a SNBRB 
035 |a (urnnbn)urn:nbn:sk:snk:ar-002erw 
035 |a (uuid)e8f2ac33-7efe-44f3-97d7-90308ccd07a1 
035 |a urn:nbn:sk:snk-ab8gyt 
040 |a SNKBUCL  |b slo  |c SNKBUCL  |e AACR2 
041 0 |a slo 
044 |a xo  |c SK 
100 1 |a Hořejš, Antonín  |4 aut  |9 1036156 
245 1 0 |a Jaroslav Smolka Česká hudba nášho storočia  |c Antonín Hořejš 
773 0 |t Slovenská hudba : revue pre hudobnú kultúru  |g Roč. 6, č. 3 (1962), s. 95-96 
954 |a odborná, vedecká literatúra pôvodná (slovenská)  |2 lita 
958 |a OND 
958 |a EUIPO 
958 |a article10 
999 |c 1998673  |d 2000603